000
00312nam a2200121Ia 4500
003
GCL
008
140319s9999 xx 000 0 eng d
040
_a
GCL /
_c
GCL
082
0
4
_a
418.007
_b
NR
245
1
0
_a
Research Methods In Languoge Learning
260
_a
[S.N] :
_b
Macmillan Publishing Company
300
_a
1992 P
999
_c
18220
_d
18220